Normal view
MARC view
Entry Topical Term
001 - CONTROL NUMBER
- control field: 21931
003 - CONTROL NUMBER IDENTIFIER
- control field: ARRUPE
005 - DATE AND TIME OF LATEST TRANSACTION
- control field: 20160128152506.0
008 - FIXED-LENGTH DATA ELEMENTS
- fixed length control field: 160128|| aca||aabn | a|a d
040 ## - CATALOGING SOURCE
- Original cataloging agency: ARRUPE
- Transcribing agency: ARRUPE
150 ## - HEADING--TOPICAL TERM
- Topical term or geographic name as entry element: Congo Free State
- General subdivision: Description and travel
670 ## - SOURCE DATA FOUND
- Source citation: Work cat.: (ARRUPE)0: Starr, Frederick, 1858-1933. 21928, The truth about the Congo;, 1907